| 000 | 00443pab a2200169 454500 | ||
|---|---|---|---|
| 008 | 180718b2009 xxu||||| |||| 00| 0 eng d | ||
| 100 | _aJessee, Stephen A. | ||
| 245 | _aSpatial voting in the 2004 presidential election | ||
| 260 | _c2009 | ||
| 300 | _ap.59-81. | ||
| 362 | _aFeb | ||
| 650 | _aUnited States. President - Elections | ||
| 650 | _aPresidents | ||
| 773 | _aAmerican Political Science Review | ||
| 908 | _aN | ||
| 909 | _a83485 | ||
| 999 |
_c83485 _d83485 |
||